00711 2200181 4500001002100000005001500021035002000036245016000056100010100216250002000317300005600337856003600393260004000429082001100469084001800480020001800498650001300516INLIS00000000114847520260602085623 a0010-06260000081 aAndi Sultan Daeng Raja pahlawan dari bulukumba /cPenulis; Zainuddin tika, bahtiar ilham aki, ltim penerbit: AWanua tangke,anwar nasruddin, layout: nurbeta0 aZainuddin tika, bahtiar ilham aki, ltim penerbit: AWanua tangke,anwar nasruddin, layout: nurbeta aCetakan Pertama avii + 63 halaman :bilustrasi ;c15 x 22 cmeKertas aPerpustakaan Umum Kota Makassar amakassar :bpustaka refleksi,c2007 a920.02 a920.02 ZAI.a a979-3570-50-4 4aPAHLAWAN